000
00311nam a22001337a 4500
020
_q
PB.
040
_c
FIZZA ISHAQ
082
_a
628.42
_b
CPH
100
_a
HUANG,P.C.
_9
90680
245
_a
HAZARDOUS AND INDUSTRIAL WASTE /
_c
C.P.HUANG.
260
_a
NEW YORK ;
_c
1994.
300
_a
771 P. ;
942
_2
ddc
_c
BK
999
_c
588887
_d
588887